00353pab a2200133 454500008004000000100001500040245005700055260000900112300001000121362001000131650003300141650002500174773002000199180718b1999 xxu||||| |||| 00| 0 eng d aNaik, B.M. aTechnology management: making India more competitive c1999 ap.4-7 a1 Feb aTechnological change - India aTechnological change aUniversity News